| 000 | 00588nam a2200169Ia 4500 | ||
|---|---|---|---|
| 008 | 100122s9999 xx 000 0 und d | ||
| 082 |
_b1857 _a821 |
||
| 100 | _aबालकवी | ||
| 245 | _aबालकवीची कविता (वाच.क्र.1/5) | ||
| 250 | _a2 | ||
| 260 |
_bगो.गो.अधिकारी _c1825 |
||
| 300 | _a88 | ||
| 630 | _aबालकवीची कविता (वाच.क्र.1/5) | ||
| 700 | _aअधिकारी गो गो | ||
| 730 | _aबालकवीची कविता (वाच.क्र.1/5) | ||
| 942 | _cBOOK | ||
| 999 |
_c396400 _d396397 |
||